Vnútorné predpisy spoločného obecného úradu

Spoločný obecný úrad predstavuje jednu z možností zabezpečenia výkonu kompetencií decentralizovanej štátnej správy. Ak majú niektoré obce nedostatok personálneho a materiálno-technického zabezpečenia pre výkon decentralizovaných kompetencií, možno zriadiť spoločný obecný úrad, ktorý ich výkon zabezp...

Descripción completa

Guardado en:
Detalles Bibliográficos
Autor principal: Hrtánek, Ladislav
Formato: Capítulo de libro
Lenguaje:eslovaco
Materias:
Etiquetas: Agregar Etiqueta
Sin Etiquetas, Sea el primero en etiquetar este registro!

MARC

LEADER 00000naa a2200000 4500
001 0296933
005 20241022132350.6
041 0 |a slo 
044 |a SK 
245 1 0 |a Vnútorné predpisy spoločného obecného úradu  |c Ladislav Hrtánek 
520 |a Spoločný obecný úrad predstavuje jednu z možností zabezpečenia výkonu kompetencií decentralizovanej štátnej správy. Ak majú niektoré obce nedostatok personálneho a materiálno-technického zabezpečenia pre výkon decentralizovaných kompetencií, možno zriadiť spoločný obecný úrad, ktorý ich výkon zabezpečí. V zmluve o zriadení spoločného obecného úradu sú však ustanovené len rámcové otázky fungovania a organizácie spoločného obecného úradu, preto starosta obce, ktorá je jeho sídlom, prijíma aj vnútorné predpisy spoločného obecného úradu. 
610 2 0 |a právo správne 
610 2 0 |a úrady zastupiteľské 
610 2 0 |a zastupiteľstvá obecné 
610 2 0 |a úrady obecné 
610 2 0 |a predpisy 
610 2 0 |a poriadok organizačný 
610 2 0 |a poriadok pracovný 
100 1 |a Hrtánek, Ladislav